FORENSIC EXAMINATION OF HAIR (Record no. 22409)

MARC details
000 -LEADER
fixed length control field 00289nam a22001337a 4500
003 - CONTROL NUMBER IDENTIFIER
control field SGT
020 ## - INTERNATIONAL STANDARD BOOK NUMBER
International Standard Book Number 0-74811-0567-4
082 ## - DEWEY DECIMAL CLASSIFICATION NUMBER
Classification number 614.1
Item number ROB
100 ## - MAIN ENTRY--PERSONAL NAME
Personal name ROBERTSON, JAMES
245 ## - TITLE STATEMENT
Title FORENSIC EXAMINATION OF HAIR
260 ## - PUBLICATION, DISTRIBUTION, ETC. (IMPRINT)
Place of publication, distribution, etc LONDON
Name of publisher, distributor, etc CRC
Year of Publication 1999
300 ## - PAGE DESCRIPTION
No. of Pages 267
942 ## - ADDED ENTRY ELEMENTS (KOHA)
Source of classification or shelving scheme Dewey Decimal Classification
Koha item type Books
Holdings
Withdrawn status Lost status Source of classification or shelving scheme Damaged status Not for loan Collection code Home library Current library Shelving location Date acquired Vendor Name SGTU Bill Number Full call number Accession No. (Barcode) Date last seen Bill Date Koha item type
    Dewey Decimal Classification   Not For Loan SCIENCE SGT Science & Social Sciences Library SGT Science & Social Sciences Library Reference Book 05/03/2022 ABC SGTU 13842 614.1 ROB PS6638 05/03/2022   Books